日本のシンクタンク : その課題とビジョン
Guardat en:
| Autor corporatiu: | |
|---|---|
| Format: | Llibre |
| Idioma: | Undetermined |
| Publicat: |
東京
ダイヤモンド社
1971
|
| Matèries: | |
| Etiquetes: |
Afegir etiqueta
Sense etiquetes, Sigues el primer a etiquetar aquest registre!
|
| Thư viện lưu trữ: | Trung tâm Học liệu Trường Đại học Cần Thơ |
|---|
| LEADER | 00582nam a2200193Ia 4500 | ||
|---|---|---|---|
| 001 | CTU_94144 | ||
| 008 | 210402s9999 xx 000 0 und d | ||
| 082 | |a 330.9 | ||
| 082 | |b T882 | ||
| 110 | |a 通産省大臣官房情報化対策室 | ||
| 245 | 0 | |a 日本のシンクタンク : | |
| 245 | 0 | |b その課題とビジョン | |
| 245 | 0 | |c 通産省大臣官房情報化対策室 | |
| 260 | |a 東京 | ||
| 260 | |b ダイヤモンド社 | ||
| 260 | |c 1971 | ||
| 650 | |a Development Countries | ||
| 904 | |i Ngoc | ||
| 980 | |a Trung tâm Học liệu Trường Đại học Cần Thơ | ||